Wszystkie osoby, które pojawiły się na streamie Łatwogang - Statystyki

Ogólne statystyki
  • Ten quiz został rozwiązany 22 razy
  • Średni wynik to 47 z 293
Statystyki odpowiedzi
Hint Odpowiedź % Poprawnych
Osoby, które pojawiły się osobiście Bedoes
80%
Wojciech Szczęsny|Szczęsny nagrał później tiktoka ze znanym piłkarzem :)
75%
Robert Lewandowski razem z żoną Anną
70%
Łatwogang|Latwogang
65%
Doda
60%
Patecki|Patec
60%
Bracia Golec oraz Edyta Golec|Bracia Golec|Golec uOrkiestra|Golce|Golec|Edyta Golec razem z Edytą
55%
Friz
55%
Tomasz Karolak|Karolak|Ludwik z rodzinki.pl
55%
Wersow|Weronika Sowa|Dziewczyna Friza
55%
Amelia|Dresscode
50%
Fagata|Agata Fąk
50%
Gabriela|Dresscode
50%
Julia Wieniawa|Wieniawa|Paula z rodzinki.pl
50%
Karolina|Dresscode
50%
Marcelina|Dresscode
50%
Mata|Michał Matczak|Młody Matczak|Warszawiak roku
50%
Milena|Dresscode
50%
Miłka|Dresscode
50%
OjWojtek|Wojtek Przeździecki|Wojciech Przeździecki|Ojwojciech
50%
Peja|Rychu Peja
50%
Sonia|Dresscode
50%
Wardęga|Sylwester Wardęga|Wardega
50%
Adam Zdrójkowski|Zdrójkowski|Kuba z rodzinki.pl
45%
Borys Szyc|Szyc z żoną i dziećmi
45%
Cezary Pazura
45%
Córka Tomasza Karolaka|Karolak
45%
Lexy Chaplin|Lexy|Lexi
45%
Maciej Musiał|Maciek Musiał|Tomek z rodzinki.pl|Musiał
45%
Małgorzata Kożuchowska|Malgorzata Kożuchowska|Kożuchowska|Korzuchowska|Małgorzata Korzuchowska
45%
Sanah|Zuzanna Grabowska z mężem Stanisławem
45%
Tede z ekipą NWJ
45%
Julia Żugaj|Żugaj|Zugaj|Juleczka Żugaj
40%
Szpaku z ekipą koncertową
40%
Young Leosia|Leosia|Sara Sudoł|Młoda Leokadia|Jungle girl
40%
Bagi|Mikołaj Bagiński z asystentką Alicją
35%
Blanka
35%
Blanka Lipińska|Blanka Lipinska z Pawłem Baryłą
35%
GrubSon z gitarzystą
35%
Kasix|Łysix|Kasiks|Łysiks
35%
Luka|Luca
35%
Makówka Music|Makowka|Ewa Makówka
35%
Mateusz Pawłowski|Kacperek z rodzinki.pl|Pawłowski
35%
Mini Majk|Minimajk|Mini mike
35%
Oliwka Brazil|Olivka Brazil|Brazil
35%
Wojtek Gola|Wojciech Gola|Wojtek Golla|Wojciech Golla
35%
Andziaks|Andziax
30%
Dajczman|Hubert Dajczman
30%
Edyta
30%
Gimper|Tomasz Działowy
30%
Kacper Błoński|Błoński|Blonski|Crusher|Crasher|Kraszer
30%
Katarzyna Nosowska|Kasia Nosowska|Nosowska|hej|Hey
30%
Naruciak|Jajuciak
30%
Oki|Oskar Kamiński
30%
Robert Makłowicz|Makłowicz
30%
Roksana Węgiel|Roxie Węgiel|Węgiel
30%
Vito Bambino|Vito|Bitamina
30%
White|White 2115|Łajcior
30%
Wujek Łuki|Wuja Łuki
30%
Artur Szpilka|Szpilka
25%
Bambi
25%
Chivas razem z dziewczyną Laurą
25%
Dariusz Szpakowski|Szpakowski
25%
DIsStream|JD
25%
Hi Hania|Hanna Puchalska
25%
Jan Błachowicz|Błachowicz|Blachowicz|Jan Blachowicz
25%
Krzysztof Stanowski|Stanowski
25%
Łukasz Litewka|Litewka
25%
Maffashion
25%
Mateusz Borek|Borek|Mati Borek|Mathijas De Bór
25%
Michał Pol|Michal Pol|Pol
25%
Michał Wiśniewski|Wiśniewski
25%
Monika Kociołek|Monia Kociołek|Kociołek|Monika Srociołek
25%
Monika Olejnik|Olejnik z mężem
25%
Mrozu
25%
TVN Telewizja
25%
WK Dzik
25%
Yoshi
25%
Żona Cezarego Pazury|Pani Edyta|Edyta Pazura matka chłopaka powyżej :)
25%
Zuza z modelek|Modelka|Modelki|jedna z modelek|blondyna z modelek|Zuza Fijak|Zuzanna Fijak|Suzi|Suziontop
25%
Agata Kulesza|Kulesza
20%
Arkadiusz Wrzosek|Arek Wrzosek
20%
Chris Martin|Coldplay
20%
DiscoKarol|Karol Kazimierczak
20%
Fit Lovers|Mateusz i Pamela
20%
Grzegorz Hyży|Grzegorz Hyzy|Hyzy
20%
Izabela Krzan|Iza Krzan|Krzan
20%
Jasper|Kacper Porębski z mamą Izą
20%
Julia Legia Warszawa
20%
Kamyk|Adrian Kamiński
20%
Koza
20%
Kubańczyk|Kubanczyk
20%
Magda Gessler|Gessler|Magda Gesler|Gesler
20%
Mama Łatwogang|Mama Piotrka|Łatwomama
20%
Martyna Wojciechowska|Wojciechowska|Kobieta na krańcu świata
20%
Maryla Rodowicz
20%
POLSAT Telewizja
20%
Rezigiusz|Rezi|Remigiusz Wierzgoń
20%
Sebastian Fabijański|Fabijański
20%
Świeży|Bartosz Laskowski
20%
Tomasz Kammel|Tomasz Kamel|Kamel|Kammel
20%
Żabson|Żaba|Zabson
20%
Osoby, które łączyły się zdalnie Adam Małysz|Małysz
15%
AJ|Adam Joseph
15%
Aleksander Kępka|Olek Kępka|Kępka
15%
BiegPrzemek|Przemek|Przemek Maratończyk
15%
Blowek|Karol Gązwa
15%
Dianeuu|Diabeu
15%
Franko|Franco
15%
Gawronek
15%
Gromee
15%
Jakub Błaszczykowski|Błaszczykowski|Kuba Błaszczykowski
15%
Jeremi Sikorski|Sikorski
15%
Juras|Łukasz Jurkowski
15%
Justyna Steczkowska|Steczkowska
15%
Katarzyna Dowbor|Dowbor
15%
Kevin Mglej|Kevin|Kewin mąż powyższej
15%
Kinga Banaś|Banaś
15%
Kizo|Patryk Kizo
15%
Klaudia Sadownik|Sadownik
15%
Malwina Kajzerek|Malwina z Fazy|Malwina z Bazy|Malwina ze szpontu|Malwina od Friza
15%
Mama Bedoesa|Matka Bedoesa|Pani Bedoes
15%
Maria Jeleniewska|Marysia Jeleniewska|Jeleniewska
15%
Mateusz
15%
Medusa|Meduza|Adrian Salamon
15%
MIU|Maciek i ubrania
15%
Natalia Szroeder|Natalia Szreder|Szreder|Szroeder razem z bratem Staszkiem
15%
Nowciax|Nowciaks
15%
Pani Beata|Beata|Beata Drzazga
15%
Rafał Brzoska|Brzoska|Brzozka
15%
Sąsiad Oskar|Sąsiad
15%
Sentino|Sebastian Enrique Alvarez|Tatuażyk
15%
Smolasty
15%
Sobel
15%
Tosia|Antosia z tatą
15%
Tribbs
15%
Zbigniew Król|Zbyszek Król|Zbychu Król|Zbigniew Krol|Zbyszek Krol|Zbychu Krol
15%
Zenon Martyniuk|Martyniuk
15%
Alicja Szemplińska|Alicja Szęplińska|Szemplinska
10%
Bartłomiej Topa|Topa
10%
Bladii|Bladi razem z dziewczyną
10%
Bryska
10%
Czarek Czaruje|Czaro
10%
Daniel Koszczuk|Koszuk|Koszyk
10%
Dawid Kwiatkowski|Kwiatkowski z gitarzystami Michałem oraz Bartkiem
10%
Dawid Podsiadło|Podsiadło
10%
Edward Warchocki|Warchocki|Robot Edward
10%
Fausti|Faustyna Fugińska
10%
Filipek|Filip Jan Marcinek|Freestyleowiec|Freestyler
10%
Jacob
10%
Jan Bednarek|Bednarek
10%
Jan Urban|Urban
10%
Joanna Jędrzejczyk|Jędrzejczyk|JJ
10%
Kalwi
10%
Kamil Bednarek|Bednarek
10%
Kwiat Jabłoni|Kasia i Jacek
10%
Martyna Byczkowska
10%
Mateusz Banasiuk|Banasiuk
10%
Mateusz Damięcki|Damięcki
10%
Michał Sikorski|Michal Sikorski
10%
Sąsiadka|Sasiadka
10%
Sławomir Peszko|Peszko
10%
Tymbark
10%
Wac Toja z bratem
10%
Waima
10%
Wiktoria Niekało|Niekało
10%
Władimir Siemirunnij|Władimir Siemirunnij|Siemirunnij
10%
Adam Szymczyk|Szymczyk
5%
Albert Kosiński
5%
Aleksandra Domańska|Domanska
5%
Aleksandra Mirosław|Ola Mirosław
5%
Cabanoss|Kabanos
5%
Decybel|Ten od Manchesteru United|Fan Manchesteru United z żoną
5%
DKMS|Ekipa DKMS Kamil oraz Ida
5%
Don Diego|Mateusz Kubiszyn|Kubiszyn
5%
Ewa Chodakowska|Chodakowska
5%
Filip Zaręba|Filip Zareba|Zaręba|Zareba
5%
Foxx Gotuje
5%
Gibbs
5%
Gitarzysta|Ziomek który grał na gitarze|ziomek co grał na gitarze
5%
Inee z Dopehouse
5%
Iza Skierska|Skierska|Izabela Skierska|Izabella Skierska
5%
Jakub Jurek|Kuba Jurek|Jurek
5%
Jankes|Krzysztof Jankowski
5%
Joanna Krupa|Krupa|Dżoana Krupa
5%
Judyta Fundacja dla psów
5%
Kamil Owczarek|Owczarek
5%
Katarzyna Herman|Herman
5%
Kirył Pietruczuk|Kiryl Pietruczuk|Pietruczuk|Pietruczk
5%
Klaudia|Claudia Legia Warszawa
5%
Koleżanka Marysia|Marysia
5%
Kostek
5%
Krzysztof Ibisz|Ibisz
5%
Kwolczi
5%
Maciej Karaś|Maciek Karaś|Karaś
5%
Marcel Wasiluk|Wasiluk
5%
Mateusz Ponitka|Mateusz Ponitko|Ponitka|Ponitko
5%
Michał Frycz|Michal Frycz|Frycz|Michael Frycz
5%
Michał Popiołek|Kuzyn Michu
5%
Michał Wrzosek|Michal Wrzosek
5%
Najcior
5%
Natalia Cancer Fighters
5%
Nikodem Rozbicki|Rozbicki
5%
Nocotyania
5%
Onet Portal
5%
Piotr Szumowski|Szumowski
5%
PlanBe
5%
Podejrzani PL Filil, Seba oraz Patryk
5%
Policja|Policjanci
5%
Posti|Alan Kowalczewski
5%
Radio ZET Radio
5%
Robert Więckiewicz|Więckiewicz
5%
Różowy piekarnik
5%
Sebastian Stankiewicz|Stankiewicz
5%
Siles z dwiema siostrami
5%
Strażak Michał Boruszczak|Michał Boruszczak|Strażak
5%
Sylwia Bomba|Bomba z córką
5%
Sylwia Butor
5%
Syn Cezarego Pazury syn Pana powyżej :)
5%
Teleexpres|Teleekspres Telewizja
5%
Tomasz Strojny|Strojny|Tomczeski|Tomek Strojny
5%
Vanessa Aleksander|Wanessa Aleksander|Vanessa Alexander|Wanessa Alexander
5%
Weronika Książkiewicz|Weronika Ksiazkiewicz|Książkiewicz|Ksiazkiewicz
5%
Wiktor Dyduła|Dyduła
5%
Zoja Skubis
5%
Zuziula
5%
Adam Woronowicz
0%
Alan Andersz|Anders
0%
Alan Andersz|Andersz z kebabem :)
0%
Andrzej Chyra|Chyra
0%
Bartek Miecznikowski|Bartosz Miecznikowski|Bartłomiej Miecznikowski|Miecznikowski
0%
Ciocia Liestyle|Ciocia Lifestyle|Agnieszka Wolszczyk
0%
Coocharz
0%
Daria Ładocha|Ładocha z córką Laurą
0%
Dawid Krynicki|Krynicki
0%
Dobromir Dymecki|Dymecki
0%
Dominik Oraz 6 innych widzów
0%
Dominik Szymański|Dominik Szymanski|Szymanski
0%
dostawca paczki Lewandowskich|kurier|listonosz
0%
Eryk Moczko
0%
Faustyna Maleńczuk|Malenczuk
0%
Filip Sałacki|Filip Salacki|Salacki
0%
Frank Leen
0%
Gina|Tiktokerka Gina
0%
Gruby Flet
0%
Jakub Kosel|Kuba Kosel|Kosel
0%
Jakub Walewski|Walewski
0%
Jessica Mercedes
0%
Kacper HTA|HTA
0%
Kamila Wybrańczyk|Kamila Wybranczyk
0%
Karol Znicz
0%
Katarzyna Węsierska
0%
Krystian Hreśka|Hreska|Hresko|Krystian Hresko
0%
Krzysztof "Diablo" Włodarczyk|Diablo|Krzysztof Włodarczyk
0%
Krzysztof Skórzyński|Skórzyński
0%
Książulo|Ksiazulo
0%
Laska z SuperNeony|SuperNeony
0%
Lekarz
0%
Lena Olszewska|Olszewska z mężem
0%
Lili Antoniak|Antoniak
0%
Maciej Dąbrowski|Maciek Dąbrowski|Dabrowski
0%
Maciej Turski|Maciek Turski|Turski
0%
Marcin Borzęcki|Borzecki
0%
Mariusz z reprezentacji AMP|piłkarz AMP|AMP
0%
Maturalni|Ekipa maturalnych|Nataniel|Nataniel Maturalni
0%
Miasto Stołeczne Warszawa|Warszawa
0%
Natalia Wójcik|Wojcik
0%
Nikoś|Nikos
0%
Ogryzek
0%
OG Śliwa|Śliwa
0%
OG Wąsik|Wąsik
0%
Opał
0%
Oskar Cyms|Cyms
0%
O.S.T.R|OSTR
0%
Pietras|Kinomaniak
0%
Piłkarze z meczu legend, bardzo ogólnie nazwani :)
0%
Piotrek Legia Warszawa
0%
Pola Gonciarz|Gonciarz
0%
Przemysław Szczepaniak|Przemek Szczepaniak|Szczepaniak
0%
Rafał Collins|Rafal Collins|Collins
0%
Rafał Zawierucha|Zawierucha|Ten z filmu Tarantino z dwoma kolegami
0%
Rubens
0%
Sebastian Staszewski|Staszewski
0%
Sylwek|Sylwester Oraz 6 innych widzów
0%
Sylwia Grzeszczak|Grzeszczak
0%
Szaran|Szaraan|Szaaran
0%
Tomasz Tomanek|Tomek Tomanek|Tomanek
0%
Tomasz Wolny|Wolny razem z Dawidem
0%
Wojciech Jan Pytkowski|Wojciech Pytkowski|Pytkowski
0%
Zairox|Zairoks
0%
ZbytMocne
0%
Zombkeee|Dziewczyna Gimpera|Zombke
0%
Zuzia Ciszewska|Zuza Ciszewska|Ciszewska|Cisza
0%
Nie znaleziono quizów pasujących do podanych kryteriów
Rozkład punktacji
Procent ludzi z każdym wynikiem
Percentyl według liczby udzielonych odpowiedzi
Twoja historia wyników
Nie rozwiązałeś tego quizu